Tafseer Al Manar : ( vol.11,12) (Record no. 5447)
[ view plain ]
| 000 -LEADER | |
|---|---|
| fixed length control field | 00715nac a22002051u 4500 |
| 082 ## - DEWEY DECIMAL CLASSIFICATION NUMBER | |
| Classification number | 297.1226 |
| Item number | RED |
| 090 ## - LOCALLY ASSIGNED LC-TYPE CALL NUMBER (OCLC); LOCAL CALL NUMBER (OCLC) | |
| -- | 5447 |
| -- | 5447 |
| 100 ## - MAIN ENTRY--PERSONAL NAME | |
| Personal name | Reda, Mohamed Rashed. |
| 245 ## - TITLE STATEMENT | |
| Title | Tafseer Al Manar : ( vol.11,12) |
| Remainder of title | Tafseer Al Quraan Al Hakeem Al Mosama / |
| Statement of responsibility, etc | Mohamd Abdo and Mohamed Rashed Reda |
| Number of part/section of a work | 11,12 |
| 260 ## - PUBLICATION, DISTRIBUTION, ETC. (IMPRINT) | |
| Place of publication, distribution, etc | Cairo : |
| Name of publisher, distributor, etc | Al Hayaa Al MIsreya Al Ama Lel Ketab,1975. |
| Date of publication, distribution, etc | c1975. |
| 300 ## - PHYSICAL DESCRIPTION | |
| Extent | 2 v.; Various p.; |
| Dimensions | 24 cm. |
| 500 ## - GENERAL NOTE | |
| General note | Includes index. |
| 500 ## - GENERAL NOTE | |
| General note | Arabic Books |
| 500 ## - GENERAL NOTE | |
| General note | Distributer :Alef Baa |
| 511 ## - PARTICIPANT OR PERFORMER NOTE | |
| Participant or performer note | Catalogued by: Sara |
| 650 ## - SUBJECT ADDED ENTRY--TOPICAL TERM | |
| Topical term or geographic name as entry element | Tafseer Al Manar- Sharh. |
| 650 ## - SUBJECT ADDED ENTRY--TOPICAL TERM | |
| Topical term or geographic name as entry element | Al Quraan- Tafseer. |
| 700 ## - ADDED ENTRY--PERSONAL NAME | |
| Personal name | Abdo, Mohamd |
| 942 ## - ADDED ENTRY ELEMENTS (KOHA) | |
| Item type | NB - Book (Non borrowing) |
| Call number prefix | 297.1226 RED |
| Withdrawn status | Item status | Source of classification or shelving scheme | Damaged status | Not for loan | Home library | Current library | Shelving location | Date acquired | Source of acquisition | Full call number | Barcode | Date last seen | Koha item type |
|---|---|---|---|---|---|---|---|---|---|---|---|---|---|
| Dewey Decimal Classification | Central Library | Central Library | Lower Floor | 14/11/2007 | Purchase | 297.1226 RED | 000006894 | 15/07/2025 | NB - Book (Non borrowing) |